Gaming Quiz

Random Gaming or Numbers Quiz

Water type pokemon Quiz Stats

 Plays Quiz not verified by Sporcle

Support Sporcle.
Go Orange.
Score 0/109 Timer 15:00
0 Plays Today
number pokemon % Correct
7squirtle
93.6%
9blastoise
85.1%
8wartortle
83%
129magikarp
72.3%
130gyarados
66%
72tentacool
63.8%
158totodile
63.8%
54psyduck
61.7%
73tentacruel
61.7%
119seaking
61.7%
55golduck
59.6%
118goldeen
59.6%
120staryu
59.6%
121starmie
57.4%
134vaporeon
57.4%
159croconaw
55.3%
393piplup
55.3%
91cloyster
53.2%
116horsea
53.2%
131lapras
53.2%
86seel
51.1%
90shellder
51.1%
98krabby
51.1%
117seadra
51.1%
258mudkip
51.1%
395empoleon
51.1%
60poliwag
48.9%
61poliwhirl
48.9%
62poliwrath
48.9%
87dewgong
48.9%
99kingler
48.9%
501oshawott
48.9%
138omanyte
46.8%
260swampert
46.8%
79slowpoke
44.7%
80slowbro
44.7%
140kabuto
44.7%
number pokemon % Correct
259marshtomp
44.7%
382kyogre
44.7%
141kabutops
42.6%
230kingdra
42.6%
245suicune
42.6%
394prinplup
42.6%
490manaphy
42.6%
186politoed
40.4%
489phione
40.4%
160feraligator
38.3%
183marill
38.3%
199slowking
38.3%
226mantine
38.3%
340whiscash
38.3%
458mantyke
38.3%
484palkia
38.3%
184azumarill
36.2%
349feebas
36.2%
350milotic
36.2%
170chinchou
34%
171lanturn
34%
222corsola
34%
224octillery
34%
271lombre
34%
278wingull
34%
279pelipper
34%
321wailord
34%
339barboach
34%
341corphish
34%
342crawdaunt
34%
418buizel
34%
320wailmer
31.9%
194wooper
31.9%
195quagsire
31.9%
223remoraid
31.9%
270lotad
31.9%
319sharpedo
31.9%
number pokemon % Correct
370luvdisc
31.9%
419floatzel
31.9%
272ludicolo
29.8%
283surskit
29.8%
318carvanha
29.8%
364sealeo
29.8%
365walrein
29.8%
363spheal
27.7%
366clamperl
27.7%
367huntail
27.7%
400bibarel
27.7%
456finneon
27.7%
457lumineon
27.7%
211qwilfish
25.5%
368gorebyss
25.5%
369relicanth
25.5%
422shellos
25.5%
423gastrodon
25.5%
515panpour
23.4%
550basculin
17%
535tympole
14.9%
594alomomola
12.8%
647keldeo
12.8%
581swanna
10.6%
139omaster
6.4%
502futachimaru
2.1%
503daikenki
2.1%
516hiyakkie
2.1%
536gamagaru
2.1%
537gamageroge
2.1%
564purotoga
2.1%
565abagoura
2.1%
580koaruhie
2.1%
592pururiru
2.1%
593burungel
2.1%

You're not logged in!

Compare scores with friends on all Sporcle quizzes.
OR
Log In

From the Vault

Classic Movies by Three Hints

by mchlebbda

If you need a refresher just rewatch the whole movie.
Remove Ads.
Support Sporcle.
Get the best of Sporcle when you Go Orange. This ad-free experience offers more features, more stats, and more fun while also helping to support Sporcle. Thank you for becoming a member.

Show Comments

Extras

Top Quizzes Today


Score Distribution

Your Account Isn't Verified!

In order to create a playlist on Sporcle, you need to verify the email address you used during registration. Go to your Sporcle Settings to finish the process.

Report this User

Report this user for behavior that violates our Community Guidelines.

Details: